000 00596nam a2200193Ia 4500
001 14930
003 GE_BSU
008 181216s||||||||xx |||||||||||||| ||und||
040 _cGE_BSU
080 _a519.61
100 _aБеланов,А.А.
245 _aРешение алгебраических уравнении методом Лобачесвкого
260 _aМосква
260 _bНаука
260 _c1989
300 _a93стр.20см.
653 _aРешение алгебраических уравнении методом Лобачесвкого
942 _cBK
999 _c48050
_d48050